000 00832nam a2200241Ia 4500
003 OSt
005 20220923215750.0
006 a|||||r|||| 00| 0
007 ta
008 220922b |||||||| |||| 00| 0 hin d
024 _a181,608
037 _cTextual
040 _aARTS
_cARTS
_bhin
041 _2hin
_ahin
082 _aO152,1N11:g, M7-;2
100 _aगुलाटी, कुंदन
245 0 _aअज्ञेय की काव्य रचना और सर्जना के क्षण
246 _aAjnyeya kī kāvya rachanā aur sarjanā ke kṣhaṇa
260 _aकरनाल
_b सिद्वार्थ पब्लि0
_c1987
300 _a112 पृ.
_ccm.
942 _hO152,1N11:g, M7-;2
_cTEXL
_2CC
999 _c334985
_d334985